000 00426nam a2200181Ia 4500
001 22678
005 20260414150847.0
008 260414t2007||||xx |||||||||||||| ||spa||
041 _aESP
082 _a621.384
_bR24
100 _aRamos Pascual , Francisco
_eAUT
245 0 _aRadiocomunicaciones
_b
260 _c2007
300 _a344 páginas :
_c24 cm.
650 _aTCA
654 _aCET
942 _cLIB
_dJUS
_fJUS
_2ddc
_n
999 _c22678
_d22678